[Event "OHS 2017"]
[Site "?"]
[Date "2017.01.30"]
[Round "1.1"]
[White "Hahn, Matthias"]
[Black "Ponto, Michael"]
[Result "1-0"]
[WhiteElo "2085"]
[BlackElo "1810"]
[PlyCount "101"]
[EventDate "2017.??.??"]
[WhiteTeam "SV Bochum-Linden-Dahlh"]
[BlackTeam "SV Unser Fritz Wanne-E"]

1. d4 d5 2. c4 c6 3. Nf3 Nf6 4. Qc2 g6 5. Nc3 Bg7 6. Bf4 O-O 7. e3 dxc4 8. Bxc4
Nbd7 9. h3 Nb6 10. Bb3 Nbd5 11. Bh2 Qa5 12. O-O Nxc3 13. Qxc3 Qxc3 14. bxc3 Bf5
15. Rfd1 Ne4 16. Rac1 Rac8 17. Ne5 Be6 18. c4 Rfd8 19. f3 Nf6 20. Kf2 Nd7 21.
Nd3 f6 22. d5 cxd5 23. cxd5 Bf7 24. Bc7 Rf8 25. Ba5 f5 26. Bb4 Bf6 27. Ke2 a6
28. a4 g5 29. g4 fxg4 30. hxg4 Kg7 31. Nf2 Bg6 32. d6 exd6 33. Bxd6 Rfe8 34.
Bd5 Bb2 35. Rxc8 Rxc8 36. Bxb7 Rc2+ 37. Rd2 a5 38. Nd3 Bxd3+ 39. Kxd3 Rxd2+ 40.
Kxd2 Kf6 41. Bc7 Nc5 42. Bc6 Be5 43. Bd8+ Kg6 44. Kc2 h6 45. Be8+ Kg7 46. Bxa5
Nb7 47. Bb6 Nd6 48. Bc6 Nc4 49. Bc5 Bc7 50. Kc3 Na5 51. Bd5 1-0

[Event "OHS 2017"]
[Site "?"]
[Date "2017.01.30"]
[Round "1.2"]
[White "Säglitz, Patrick"]
[Black "Kolakovic, Klaudio"]
[Result "0-1"]
[WhiteElo "1622"]
[BlackElo "2034"]
[PlyCount "44"]
[EventDate "2017.??.??"]
[WhiteTeam "SC Gerthe 46 - Werne"]
[BlackTeam "Südlohner SV 1956 e.V."]

1. e4 c5 2. Nf3 d6 3. d4 cxd4 4. Nxd4 a6 5. g3 e5 6. Ne2 Be6 7. Bg2 h5 8. h4
Nc6 9. Nbc3 Rc8 10. Be3 Nf6 11. Nd5 Bxd5 12. exd5 Ne7 13. Qd2 Ng4 14. Bh3 Nf5
15. Bxg4 hxg4 16. Qb4 Nxe3 17. fxe3 Qd7 18. O-O-O b5 19. Nc3 Rc4 20. Qa5 Qc8
21. a3 Be7 22. Rdf1 Bd8 0-1

[Event "OHS 2017"]
[Site "?"]
[Date "2017.01.30"]
[Round "1.3"]
[White "Schmidt, Ralph"]
[Black "Boxberg, Marc"]
[Result "1/2-1/2"]
[WhiteElo "1976"]
[BlackElo "1604"]
[PlyCount "82"]
[EventDate "2017.??.??"]
[WhiteTeam "SV Bochum-Linden-Dahlh"]
[BlackTeam "SVigung Marten-Bövingh"]

1. e4 e6 2. Nc3 d5 3. exd5 exd5 4. Qf3 Nf6 5. d4 c6 6. Bd3 Bd6 7. Bg5 Bg4 8.
Qxg4 Nxg4 9. Bxd8 Kxd8 10. h3 Re8+ 11. Nce2 Nf6 12. Nf3 Nbd7 13. O-O h6 14. Ng3
g6 15. Rfe1 Kc7 16. c4 Bxg3 17. fxg3 Rxe1+ 18. Rxe1 Re8 19. Rc1 Kd6 20. g4 Ne4
21. Re1 Nef6 22. c5+ Kc7 23. Rf1 Re7 24. b4 a6 25. g5 Ng8 26. a4 hxg5 27. Nxg5
Nh6 28. b5 axb5 29. axb5 f6 30. b6+ Kb8 31. Nf3 g5 32. Kf2 Nf8 33. Ra1 Re8 34.
Nd2 Re7 35. Nb3 Ne6 36. Ra7 Ng8 37. Bf5 Nd8 38. Bc2 Rf7 39. Na5 Re7 40. Ba4 f5
41. g3 Re6 1/2-1/2

[Event "OHS 2017"]
[Site "?"]
[Date "2017.01.30"]
[Round "1.4"]
[White "Engelmann, Chris"]
[Black "Eckert, Marius"]
[Result "0-1"]
[WhiteElo "1698"]
[BlackElo "1959"]
[PlyCount "67"]
[EventDate "2017.??.??"]
[WhiteTeam "SV Unser Fritz Wanne-E"]
[BlackTeam "SV Waltrop 1922 e.V."]

1. e4 e5 2. Nf3 Nc6 3. d4 exd4 4. Nxd4 Bb4+ 5. Nc3 Nf6 6. Nxc6 bxc6 7. Bd2 O-O
8. Bd3 d5 9. O-O Bg4 10. Be2 Bxe2 11. Qxe2 Bxc3 12. Bxc3 Nxe4 13. Bb4 c5 14.
Ba3 Re8 15. Qd3 Qd6 16. Rfe1 Rad8 17. f3 Nf6 18. Rxe8+ Rxe8 19. Qb5 Nd7 20. Rd1
h5 21. b3 d4 22. Kf1 c6 23. Qb7 Nf6 24. Kg1 Qe5 25. h3 Qe3+ 26. Kh1 Qe2 27. Rc1
h4 28. Qxc6 Nh5 29. Qd6 Ng3+ 30. Kh2 Nf1+ 31. Rxf1 Qxf1 32. Qd7 Qe1 33. Bxc5
Qg3+ 34. Kg1 0-1

[Event "OHS 2017"]
[Site "?"]
[Date "2017.01.30"]
[Round "1.5"]
[White "Melmer, Felix"]
[Black "Benning, Martin"]
[Result "1/2-1/2"]
[WhiteElo "2031"]
[BlackElo "1727"]
[PlyCount "20"]
[EventDate "2017.??.??"]
[WhiteTeam "SC Gerthe 46 - Werne"]
[BlackTeam "SG Bochum 1931"]

1. f4 d5 2. Nf3 g6 3. g3 Bg7 4. Bg2 Nf6 5. d3 c6 6. c3 Qb6 7. Qb3 Nbd7 8. Ne5
Qxb3 9. axb3 Nxe5 10. fxe5 Nd7 1/2-1/2

[Event "OHS 2017"]
[Site "?"]
[Date "2017.01.30"]
[Round "1.6"]
[White "Deutschmann, Jürgen"]
[Black "Nowok, Frank"]
[Result "0-1"]
[WhiteElo "1673"]
[BlackElo "1958"]
[PlyCount "78"]
[EventDate "2017.??.??"]
[WhiteTeam "SV Hattingen e.V."]
[BlackTeam "Hervest-Dorstener SK 195"]

1. d4 Nf6 2. c4 g6 3. Nc3 d5 4. cxd5 Nxd5 5. e4 Nxc3 6. bxc3 Bg7 7. Nf3 c5 8.
Be3 Qa5 9. Qb3 Nc6 10. Bb5 O-O 11. O-O Bd7 12. Rad1 Nxd4 13. cxd4 Bxb5 14. Bd2
Qa6 15. dxc5 Bxf1 16. Rxf1 Rad8 17. Qc2 Rd3 18. e5 Rfd8 19. Bg5 R8d7 20. h4 Qc6
21. Be3 Qd5 22. Ne1 Rd1 23. f4 Ra1 24. Qe2 Rxa2 25. Qg4 Qd1 26. Nf3 Qe2 27. Bf2
Rad2 28. Qg3 Rd1 29. Be1 a5 30. h5 a4 31. hxg6 hxg6 32. Qh4 a3 33. Ng5 Qh5 34.
Qf2 R7d5 35. Qa2 Bxe5 36. Nxf7 Bd4+ 37. Bf2 Rxf1+ 38. Kxf1 Qd1+ 39. Be1 Bc3 0-1

[Event "OHS 2017"]
[Site "?"]
[Date "2017.01.30"]
[Round "1.7"]
[White "Klüting, Reiner"]
[Black "Gausmann, Thomas"]
[Result "1-0"]
[WhiteElo "1923"]
[BlackElo "1539"]
[PlyCount "51"]
[EventDate "2017.??.??"]
[WhiteTeam "SV Wattenscheid 1930 e"]
[BlackTeam "SG Bochum 1931"]

1. e4 e5 2. Nc3 Nf6 3. Bc4 Bc5 4. d3 Nc6 5. Nf3 d6 6. Bg5 h6 7. Bxf6 gxf6 8.
Na4 a6 9. Nxc5 dxc5 10. Nh4 Ne7 11. Qh5 Rh7 12. a4 Qd6 13. O-O Be6 14. Bxe6
Qxe6 15. f4 O-O-O 16. fxe5 fxe5 17. Nf5 Nc6 18. Rf2 c4 19. dxc4 Qxc4 20. Nd6+
Rxd6 21. Qf5+ Kb8 22. Qxh7 Rg6 23. Qxf7 Qxe4 24. Raf1 Nd4 25. Qf8+ Ka7 26. Qc5+
1-0

[Event "OHS 2017"]
[Site "?"]
[Date "2017.01.30"]
[Round "1.8"]
[White "Bott, Michael"]
[Black "Scheibe, Werner"]
[Result "0-1"]
[WhiteElo "1528"]
[BlackElo "1850"]
[PlyCount "44"]
[EventDate "2017.??.??"]
[WhiteTeam "SV Zeppelin Herne e.V."]
[BlackTeam "SK Sodingen/Castrop 24/23 e.V."]

1. c4 Nf6 2. g3 e6 3. Bg2 d5 4. Nc3 c6 5. cxd5 exd5 6. d4 Bd6 7. Bg5 Nbd7 8.
Nf3 O-O 9. Qd2 Re8 10. Bf4 Bb4 11. Ne5 Nh5 12. Nxd7 Bxd7 13. O-O Nxf4 14. gxf4
Qh4 15. e3 Re6 16. f3 Rh6 17. Rac1 Qxh2+ 18. Kf2 Rg6 19. Rg1 Bh3 20. Kf1 Re8
21. Rc2 Bxg2+ 22. Rxg2 Qh1+ 0-1

[Event "OHS 2017"]
[Site "?"]
[Date "2017.01.30"]
[Round "1.9"]
[White "Funke, Eckhard"]
[Black "Kümmel, Hans-Jürgen"]
[Result "1-0"]
[WhiteElo "1866"]
[BlackElo "1324"]
[PlyCount "54"]
[EventDate "2017.??.??"]
[WhiteTeam "SV Günnigfeld 1922 e.V"]
[BlackTeam "SV Günnigfeld 1922 e.V"]

1. d4 d5 2. c4 c6 3. Nc3 Nf6 4. Bg5 e6 5. e3 Be7 6. cxd5 exd5 7. Qc2 O-O 8. Bd3
Nbd7 9. Nf3 Re8 10. O-O h6 11. Bh4 Nf8 12. Rab1 N6h7 13. Bxe7 Qxe7 14. b4 a6
15. a4 Nf6 16. Rfc1 Bd7 17. Ne5 Rec8 18. a5 Rab8 19. Na4 Rd8 20. Qc5 Qxc5 21.
bxc5 g6 22. Rb2 Rdc8 23. Rcb1 Be8 24. Rxb7 Rxb7 25. Rxb7 N6d7 26. Nxd7 Nxd7 27.
Nb6 Nxb6 1-0

[Event "OHS 2017"]
[Site "?"]
[Date "2017.01.30"]
[Round "1.10"]
[White "Wenzel, Jakoba"]
[Black "Wübker, Paul-Luca"]
[Result "0-1"]
[WhiteElo "1488"]
[BlackElo "1751"]
[PlyCount "44"]
[EventDate "2017.??.??"]
[WhiteTeam "SV Unna 1924"]
[BlackTeam "SG Bochum 1931"]

1. d4 d5 2. c4 e6 3. Nc3 Be7 4. e3 Nf6 5. Qc2 O-O 6. Bd3 dxc4 7. Bxc4 b6 8. Nf3
Bb7 9. Bd2 Nbd7 10. e4 c5 11. O-O-O cxd4 12. Nxd4 Rc8 13. Bd3 Nc5 14. f3 Qxd4
15. Bg5 Qe5 16. f4 Nxd3+ 17. Kb1 Qc7 18. Qxd3 Rfd8 19. Nb5 Rxd3 20. Rc1 Bxe4
21. Nxc7 Rxc7 22. a3 Rxa3+ 0-1

[Event "OHS 2017"]
[Site "?"]
[Date "2017.01.30"]
[Round "1.11"]
[White "Gregoritsch, Dirk"]
[Black "Nioduschewski, Nils"]
[Result "1-0"]
[WhiteElo "1960"]
[BlackElo "1525"]
[PlyCount "83"]
[EventDate "2017.??.??"]
[WhiteTeam "SC Doppelbauer Brambauer"]
[BlackTeam "SV Unser Fritz Wanne-E"]

1. Nf3 Nf6 2. c4 Nc6 3. d4 e6 4. g3 d5 5. b3 Be7 6. Bg2 O-O 7. O-O b6 8. Bb2
Bb7 9. Nbd2 Rb8 10. a3 a5 11. Qc2 Na7 12. Ne5 Nd7 13. Rfd1 c6 14. Rac1 Nxe5 15.
dxe5 d4 16. Be4 g6 17. Nf3 c5 18. e3 Nc6 19. exd4 cxd4 20. Nxd4 Nxd4 21. Rxd4
Bxe4 22. Qxe4 Qc7 23. Rcd1 Rbd8 24. h4 Rxd4 25. Rxd4 Rd8 26. a4 Rxd4 27. Bxd4
Bc5 28. Kg2 Bxd4 29. Qxd4 Qc6+ 30. f3 Qc5 31. Qxc5 bxc5 32. g4 h6 33. f4 Kg7
34. Kf3 f5 35. exf6+ Kxf6 36. Ke4 Kf7 37. Ke5 Ke7 38. h5 gxh5 39. gxh5 Kf7 40.
Kd6 Kf6 41. Kxc5 Kf5 42. Kd6 1-0

[Event "OHS 2017"]
[Site "?"]
[Date "2017.01.30"]
[Round "1.12"]
[White "Neumann, Frank"]
[Black "Müller-Kreth, Kai"]
[Result "0-1"]
[WhiteElo "1268"]
[BlackElo "1774"]
[PlyCount "68"]
[EventDate "2017.??.??"]
[WhiteTeam "SV Waltrop 1922 e.V."]
[BlackTeam "SK Sodingen/Castrop 24/23 e.V."]

1. e4 c5 2. Nf3 d6 3. d4 cxd4 4. Nxd4 Nc6 5. Bc4 Nf6 6. Nc3 a6 7. Bb3 Bd7 8.
Bg5 e6 9. O-O Be7 10. f4 Qb6 11. Nce2 e5 12. Kh1 exd4 13. Ng3 O-O 14. f5 Rfe8
15. Nh5 Nxh5 16. Qxh5 Ne5 17. f6 g6 18. Qh4 Bf8 19. Bh6 Kh8 20. Bg7+ Bxg7 21.
fxg7+ Kg8 22. Rf2 Qd8 23. Qf4 Be6 24. Raf1 Bxb3 25. axb3 Kxg7 26. Qg3 Rc8 27.
h4 h5 28. Rf5 Qe7 29. Rxh5 Rxc2 30. Rhf5 Kh7 31. Rf6 Kg7 32. Qg5 d3 33. h5 Rh8
34. Rxg6+ Nxg6 0-1

[Event "OHS 2017"]
[Site "?"]
[Date "2017.01.30"]
[Round "1.13"]
[White "Zygan, Michael"]
[Black "Böcker, Marcus"]
[Result "1-0"]
[WhiteElo "1796"]
[BlackElo "1212"]
[PlyCount "53"]
[EventDate "2017.??.??"]
[WhiteTeam "SK Sodingen/Castrop 24/23 e.V."]
[BlackTeam "SV Hattingen e.V."]

1. d4 Nf6 2. c4 e6 3. Nc3 Bb4 4. Qc2 O-O 5. a3 Bxc3+ 6. Qxc3 h6 7. f3 d5 8. e3
Re8 9. Bd3 Nbd7 10. Ne2 e5 11. O-O c6 12. Ng3 e4 13. fxe4 dxe4 14. Bc2 Nb6 15.
b4 Qc7 16. Bb2 Bg4 17. d5 Nbd7 18. Nxe4 Qe5 19. Nxf6+ Nxf6 20. Qxe5 Rxe5 21.
Bxe5 cxd5 22. Bxf6 gxf6 23. cxd5 Kg7 24. Bf5 Be2 25. Rf2 Bc4 26. Rd2 Kf8 27.
Rc1 1-0

[Event "OHS 2017"]
[Site "?"]
[Date "2017.01.30"]
[Round "1.14"]
[White "Heinz, Hans-Werner"]
[Black "Sondermann, Dirk"]
[Result "0-1"]
[WhiteElo "1408"]
[BlackElo "2080"]
[PlyCount "88"]
[EventDate "2017.??.??"]
[WhiteTeam "SV Unser Fritz Wanne-E"]
[BlackTeam "Sport Union Annen e.V."]

1. e4 d6 2. Nf3 Nf6 3. Nc3 g6 4. d4 Bg7 5. h3 O-O 6. Be2 c6 7. a3 Qc7 8. O-O
Nbd7 9. Be3 e5 10. d5 a6 11. Qd2 c5 12. Rab1 b5 13. b4 Rb8 14. Nh2 cxb4 15.
axb4 Nb6 16. Bxb6 Qxb6 17. Bf3 Qc7 18. Rfe1 Bb7 19. Na2 Rbc8 20. c3 Nd7 21. Ng4
Qd8 22. g3 f5 23. exf5 gxf5 24. Nh2 Nf6 25. g4 e4 26. Bg2 Nxd5 27. gxf5 Nxc3
28. Nxc3 Bxc3 29. Qa2+ Kh8 30. Re2 d5 31. Rd1 Qf6 32. Rxd5 Bxd5 33. Qxd5 Qxf5
34. Bxe4 Qxd5 35. Bxd5 Bxb4 36. Ra2 a5 37. Nf3 Rc3 38. Ng5 Rc5 39. Nf7+ Kg7 40.
Be6 Rxf7 41. Bxf7 Kxf7 42. Kg2 Bc3 43. Kf3 b4 44. Ke4 b3 0-1

[Event "OHS 2017"]
[Site "?"]
[Date "2017.01.30"]
[Round "1.15"]
[White "Ewers, Christian"]
[Black "Jordan, Klaus-Dieter"]
[Result "1-0"]
[WhiteElo "1721"]
[BlackElo "1128"]
[PlyCount "65"]
[EventDate "2017.??.??"]
[WhiteTeam "SG Mengede 1922"]
[BlackTeam "vereinslos"]

1. e4 d5 2. exd5 Nf6 3. Nc3 Nxd5 4. Nge2 e6 5. g3 Be7 6. Bg2 c6 7. d3 Nd7 8.
O-O Ne5 9. a3 Bf6 10. h3 Ng6 11. Bd2 O-O 12. Rb1 a5 13. Ne4 b5 14. Nxf6+ Qxf6
15. c4 Nde7 16. cxb5 Bb7 17. Bc3 Ne5 18. f4 Nd5 19. Bxe5 Qe7 20. Qd2 cxb5 21.
Nc3 b4 22. Ne4 Rad8 23. Bd4 Ba6 24. Bc5 Qd7 25. Bxf8 Kxf8 26. Nc5 Qb5 27. Nxa6
Qxa6 28. Bxd5 Rxd5 29. d4 Qb6 30. Rfd1 f6 31. Rbc1 Kf7 32. Qd3 e5 33. Qc4 1-0

[Event "OHS 2017"]
[Site "?"]
[Date "2017.02.06"]
[Round "2.1"]
[White "Wübker, Paul-Luca"]
[Black "Hahn, Matthias"]
[Result "1/2-1/2"]
[WhiteElo "1792"]
[BlackElo "2050"]
[PlyCount "46"]
[EventDate "2017.??.??"]
[WhiteTeam "SG Bochum 1931"]
[BlackTeam "SV Bochum-Linden-Dahlh"]

1. d4 d5 2. c4 e6 3. Nc3 c6 4. Nf3 dxc4 5. e4 b5 6. a4 Bb4 7. Bg5 Qb6 8. Bd2
Nf6 9. e5 Bxc3 10. bxc3 Ne4 11. g3 Bb7 12. Bg2 a6 13. O-O Nd7 14. Ng5 Nxg5 15.
Bxg5 Qc7 16. Re1 Nb6 17. Qg4 Nxa4 18. Bc1 Rg8 19. Be4 g6 20. Rxa4 bxa4 21. Ba3
O-O-O 22. Rb1 Rd5 23. Bxd5 cxd5 1/2-1/2

[Event "OHS 2017"]
[Site "?"]
[Date "2017.02.06"]
[Round "2.2"]
[White "Kolakovic, Klaudio"]
[Black "Gregoritsch, Dirk"]
[Result "1-0"]
[WhiteElo "1983"]
[BlackElo "1775"]
[PlyCount "87"]
[EventDate "2017.??.??"]
[WhiteTeam "Südlohner SV 1956 e.V."]
[BlackTeam "SC Doppelbauer Brambauer"]

1. e4 c5 2. Nf3 e6 3. d4 cxd4 4. Nxd4 a6 5. c4 Nf6 6. Bd3 Qc7 7. O-O Nc6 8.
Nxc6 bxc6 9. Nc3 Be7 10. Re1 d6 11. Be3 Rb8 12. b3 e5 13. h3 O-O 14. Rc1 Qa5
15. Bd2 Qb6 16. Na4 Qa7 17. Be3 c5 18. Qd2 Qb7 19. Nc3 Bd7 20. Bg5 Bc6 21. f4
exf4 22. Bxf4 Rbd8 23. Re2 Nh5 24. Bh2 h6 25. Rf1 Bh4 26. Rf3 Qd7 27. g4 Nf6
28. Qe3 Qe7 29. Bf4 Nd7 30. Nd5 Qe6 31. Nc7 Qe7 32. Nxa6 Ne5 33. Bxe5 Qxe5 34.
Nc7 Rd7 35. Nb5 Re8 36. Kg2 Rde7 37. a4 h5 38. Rf5 Bxe4+ 39. Bxe4 Qxe4+ 40.
Qxe4 Rxe4 41. Rxe4 Rxe4 42. Kf3 Re6 43. a5 Be7 44. Rd5 1-0

[Event "OHS 2017"]
[Site "?"]
[Date "2017.02.06"]
[Round "2.3"]
[White "Eckert, Marius"]
[Black "Zygan, Michael"]
[Result "1-0"]
[WhiteElo "1944"]
[BlackElo "1768"]
[PlyCount "41"]
[EventDate "2017.??.??"]
[WhiteTeam "SV Waltrop 1922 e.V."]
[BlackTeam "SK Sodingen/Castrop 24/23 e.V."]

1. d4 d5 2. Bf4 Nf6 3. e3 c5 4. c3 Qb6 5. Qb3 c4 6. Qc2 g6 7. b3 Bf5 8. Qd1 Qa5
9. bxc4 dxc4 10. Nd2 Qxc3 11. Rc1 Qa5 12. Bxc4 Nc6 13. Qb3 Nd8 14. Bc7 b6 15.
Ngf3 Be6 16. O-O Bxc4 17. Nxc4 Qd5 18. e4 Qd7 19. Nce5 Qe6 20. Qb5+ Nd7 21. d5
1-0

[Event "OHS 2017"]
[Site "?"]
[Date "2017.02.06"]
[Round "2.4"]
[White "Nowok, Frank"]
[Black "Ewers, Christian"]
[Result "0-1"]
[WhiteElo "1902"]
[BlackElo "1721"]
[PlyCount "120"]
[EventDate "2017.??.??"]
[WhiteTeam "Hervest-Dorstener SK 195"]
[BlackTeam "SG Mengede 1922"]

1. c4 g6 2. g3 d6 3. Nc3 Nh6 4. e4 Bg7 5. Bg2 O-O 6. Nge2 Nc6 7. O-O e5 8. d3
Nd4 9. Nxd4 exd4 10. Nd5 c6 11. Nf4 Bg4 12. Qc2 g5 13. Ne2 c5 14. Qd2 Qd7 15.
f3 Bh3 16. Qxg5 Bxg2 17. Kxg2 f6 18. Qd5+ Nf7 19. b4 b6 20. Bf4 Kh8 21. Rfb1
Rab8 22. b5 Rfe8 23. Qh5 Ne5 24. Rb3 f5 25. Ng1 fxe4 26. fxe4 Ng4 27. Nh3 h6
28. Ng5 Kg8 29. Nf3 Qe6 30. Nh4 Nf6 31. Qg6 Ng4 32. Qxe6+ Rxe6 33. Nf5 Be5 34.
Re1 h5 35. h3 Nf6 36. Rf1 Rb7 37. Rb2 Ne8 38. Rbf2 Kh7 39. Nh4 Ree7 40. Nf3 a6
41. bxa6 Ra7 42. Bg5 Rg7 43. Nxe5 Rxg5 44. Nc6 Rxa6 45. Rf7+ Rg7 46. Rxg7+ Kxg7
47. Rf2 Ra3 48. Rd2 Kf6 49. Kf3 Ke6 50. Kf4 Kd7 51. Nxd4 cxd4 52. g4 hxg4 53.
hxg4 Ke6 54. Kg5 Nf6 55. Kh4 Nd7 56. g5 Kf7 57. Kh5 Kg7 58. Kg4 Rxd3 59. Rh2
Ne5+ 60. Kf5 Nxc4 0-1

[Event "OHS 2017"]
[Site "?"]
[Date "2017.02.06"]
[Round "2.5"]
[White "Müller-Kreth, Kai"]
[Black "Klüting, Reiner"]
[Result "1/2-1/2"]
[WhiteElo "1774"]
[BlackElo "1869"]
[PlyCount "21"]
[EventDate "2017.??.??"]
[WhiteTeam "SK Sodingen/Castrop 24/23 e.V."]
[BlackTeam "SV Wattenscheid 1930 e"]

1. e4 e5 2. Nf3 Nf6 3. Nc3 Bb4 4. Bc4 Nc6 5. Bb3 O-O 6. d3 d5 7. exd5 Nxd5 8.
Bd2 Bxc3 9. bxc3 Na5 10. O-O Nxb3 11. axb3 1/2-1/2

[Event "OHS 2017"]
[Site "?"]
[Date "2017.02.06"]
[Round "2.6"]
[White "Scheibe, Werner"]
[Black "Hesse, Tim"]
[Result "1-0"]
[WhiteElo "1850"]
[BlackElo "900"]
[PlyCount "61"]
[EventDate "2017.??.??"]
[WhiteTeam "SK Sodingen/Castrop 24/23 e.V."]
[BlackTeam "vereinslos"]

1. e4 e5 2. f4 Nf6 3. Nc3 exf4 4. d4 d5 5. e5 Nfd7 6. Bxf4 c5 7. Nf3 Nc6 8.
dxc5 Bxc5 9. Qxd5 O-O 10. O-O-O Nb4 11. Qb3 Qe7 12. a3 Nc6 13. Bg5 Qe6 14. Bc4
Na5 15. Bxe6 Nxb3+ 16. Bxb3 h6 17. Bf4 Nb6 18. Rhe1 Bf5 19. Ne4 Rac8 20. Nxc5
Rxc5 21. Nd4 Bg6 22. e6 Rd5 23. Bxd5 Nxd5 24. Bd6 Rd8 25. e7 Nxe7 26. Bxe7 Re8
27. Nb5 f6 28. Nxa7 Bh5 29. Rd8 Kf7 30. Rxe8 Kxe8 31. Bxf6+ 1-0

[Event "OHS 2017"]
[Site "?"]
[Date "2017.02.06"]
[Round "2.7"]
[White "Sondermann, Dirk"]
[Black "Funke, Eckhard"]
[Result "1-0"]
[WhiteElo "1768"]
[BlackElo "1819"]
[PlyCount "55"]
[EventDate "2017.??.??"]
[WhiteTeam "Sport Union Annen e.V."]
[BlackTeam "SV Günnigfeld 1922 e.V"]

1. d4 Nf6 2. Nf3 g6 3. c4 Bg7 4. Nc3 O-O 5. e4 d6 6. Be2 Nbd7 7. O-O e5 8. d5
a5 9. Nd2 Nc5 10. b3 Bd7 11. Qc2 h6 12. Rb1 Nh7 13. a3 b6 14. b4 Nb7 15. Nb3 f5
16. Bd2 Nf6 17. f3 fxe4 18. fxe4 Kh7 19. Be3 axb4 20. axb4 Ng4 21. Bxg4 Bxg4
22. Rxf8 Bxf8 23. Rf1 Qe7 24. Nb5 Rc8 25. Qf2 Kg7 26. Na7 Ra8 27. Nc6 Kg8 28.
Nxe7+ 1-0

[Event "OHS 2017"]
[Site "?"]
[Date "2017.02.06"]
[Round "2.8"]
[White "Benning, Martin"]
[Black "Schmidt, Ralph"]
[Result "0-1"]
[WhiteElo "1562"]
[BlackElo "1946"]
[PlyCount "70"]
[EventDate "2017.??.??"]
[WhiteTeam "SG Bochum 1931"]
[BlackTeam "SV Bochum-Linden-Dahlh"]

1. f4 f5 2. Nf3 Nf6 3. e3 e6 4. b3 Be7 5. Bb2 c5 6. h3 Ne4 7. Ng5 Bxg5 8. fxg5
Qxg5 9. Qf3 Qg3+ 10. Qxg3 Nxg3 11. Rg1 Nxf1 12. Rxf1 O-O 13. d3 d6 14. Nd2 Bd7
15. Nc4 d5 16. Ne5 Bc6 17. O-O-O Nd7 18. Nxc6 bxc6 19. c4 Rfb8 20. Rf4 g6 21.
Rdf1 a5 22. Kc2 a4 23. g4 Rb7 24. gxf5 exf5 25. h4 axb3+ 26. axb3 Rab8 27. Ba1
Rxb3 28. cxd5 cxd5 29. h5 R3b4 30. Rxb4 Rxb4 31. Bc3 Rh4 32. Ra1 d4 33. exd4
cxd4 34. Ra7 Rh2+ 35. Bd2 Ne5 0-1

[Event "OHS 2017"]
[Site "?"]
[Date "2017.02.06"]
[Round "2.9"]
[White "Boxberg, Marc"]
[Black "Melmer, Felix"]
[Result "0-1"]
[WhiteElo "1604"]
[BlackElo "1908"]
[PlyCount "80"]
[EventDate "2017.??.??"]
[WhiteTeam "SVigung Marten-Bövingh"]
[BlackTeam "SC Gerthe 46 - Werne"]

1. e4 c5 2. c3 d5 3. exd5 Qxd5 4. d4 Nf6 5. Nf3 e6 6. Na3 cxd4 7. Nb5 Na6 8.
Nbxd4 Nc7 9. Bd3 Bd6 10. Qe2 O-O 11. c4 Qa5+ 12. Bd2 Bb4 13. Nb3 Bxd2+ 14. Qxd2
Qh5 15. Qg5 Qxg5 16. Nxg5 e5 17. O-O h6 18. Ne4 Nxe4 19. Bxe4 f5 20. Bd5+ Nxd5
21. cxd5 b6 22. Rac1 Rd8 23. Rfd1 Bb7 24. d6 Rac8 25. Rxc8 Bxc8 26. f3 Kf7 27.
Kf2 Ke6 28. a3 Rxd6 29. Rxd6+ Kxd6 30. g3 g5 31. Nd2 Kd5 32. Ke3 f4+ 33. Kd3
Ba6+ 34. Kc3 Be2 35. b3 Ke6 36. g4 Kd5 37. b4 b5 38. h3 a6 39. Nb3 Bxf3 40. Nc5
Bg2 0-1

[Event "OHS 2017"]
[Site "?"]
[Date "2017.02.06"]
[Round "2.10"]
[White "Gausmann, Thomas"]
[Black "Kiese, Matthias"]
[Result "0-1"]
[WhiteElo "1443"]
[BlackElo "2175"]
[PlyCount "60"]
[EventDate "2017.??.??"]
[WhiteTeam "SG Bochum 1931"]
[BlackTeam "Bochumer SV 02"]

1. e4 c5 2. Nf3 d6 3. d4 cxd4 4. Nxd4 Nf6 5. Nc3 a6 6. Be3 e5 7. Nb3 Be6 8. Qd2
Nbd7 9. f3 b5 10. O-O-O Be7 11. g4 b4 12. Nd5 Bxd5 13. exd5 Nb6 14. Qxb4 Nfxd5
15. Bxb6 Nxb6 16. Bxa6 O-O 17. Bd3 Rxa2 18. Qe4 g6 19. Kb1 Ra4 20. Qc6 Qb8 21.
h4 Rc8 22. Qb5 Qa7 23. Be4 Rb8 24. Bc6 Ra2 25. Qd3 d5 26. Bb5 Bf6 27. g5 Rxb2+
28. Kc1 Qa3 29. Kd2 Bg7 30. h5 e4 0-1

[Event "OHS 2017"]
[Site "?"]
[Date "2017.02.06"]
[Round "2.11"]
[White "Boost, Jürgen"]
[Black "Bott, Michael"]
[Result "1/2-1/2"]
[WhiteElo "1827"]
[BlackElo "1361"]
[PlyCount "44"]
[EventDate "2017.??.??"]
[WhiteTeam "SC Gerthe 46 - Werne"]
[BlackTeam "SV Zeppelin Herne e.V."]

1. e4 c5 2. Nf3 Nc6 3. d4 cxd4 4. Nxd4 d6 5. Nc3 g6 6. Be3 Bg7 7. Be2 Nf6 8. f3
O-O 9. Qd2 Nxd4 10. Bxd4 Be6 11. O-O-O a6 12. Kb1 b5 13. g4 b4 14. Nd5 Bxd5 15.
exd5 a5 16. h4 Rb8 17. g5 Nd7 18. Bxg7 Kxg7 19. h5 a4 20. Qd4+ f6 21. Rh4 Qb6
22. hxg6 hxg6 1/2-1/2

[Event "OHS 2017"]
[Site "?"]
[Date "2017.02.06"]
[Round "2.12"]
[White "Wingerning, Gerd"]
[Black "Wenzel, Jakoba"]
[Result "1-0"]
[WhiteElo "1749"]
[BlackElo "1313"]
[PlyCount "63"]
[EventDate "2017.??.??"]
[WhiteTeam "SC Buer-Hassel 1919 e.V."]
[BlackTeam "SV Unna 1924"]

1. e4 d6 2. d4 Nf6 3. Nc3 Nbd7 4. Nf3 e5 5. Bc4 Be7 6. h3 O-O 7. Bb3 c6 8. Be3
Nb6 9. dxe5 dxe5 10. Qxd8 Rxd8 11. Nxe5 Be6 12. Bxe6 fxe6 13. a3 Nbd7 14. Nxd7
Nxd7 15. Rd1 b6 16. O-O a6 17. f4 Bc5 18. Kf2 Rf8 19. g3 Ne5 20. Bxc5 bxc5 21.
b3 g5 22. Ke3 gxf4+ 23. gxf4 Ng6 24. Rd6 e5 25. f5 Rac8 26. Rg1 Kg7 27. fxg6 h6
28. Rd7+ Kg8 29. Rh7 Rf6 30. Rxh6 Rcf8 31. Rg3 Rf2 32. g7 1-0

[Event "OHS 2017"]
[Site "?"]
[Date "2017.02.06"]
[Round "2.13"]
[White "Kümmel, Hans-Jürgen"]
[Black "Barth, Hans-Joachim"]
[Result "0-1"]
[WhiteElo "1324"]
[BlackElo "1702"]
[PlyCount "77"]
[EventDate "2017.??.??"]
[WhiteTeam "SV Günnigfeld 1922 e.V"]
[BlackTeam "SG Höntrop 1947"]

1. Nf3 c6 2. c4 d5 3. d4 Nf6 4. Nc3 dxc4 5. a4 Bf5 6. e3 e6 7. Bxc4 Bb4 8. O-O
O-O 9. Ne5 Nbd7 10. Bd2 c5 11. Nxd7 Qxd7 12. Ne2 Bxd2 13. Qxd2 a6 14. Ng3 Bg6
15. Rfd1 Rfd8 16. Qe2 Qc7 17. dxc5 Rxd1+ 18. Rxd1 Qxc5 19. Qd2 h5 20. Be2 Rc8
21. Bf3 b6 22. Bb7 Rc7 23. Bxa6 h4 24. Nf1 Qc2 25. Bb5 Kh7 26. Qxc2 Rxc2 27.
Rd2 Rc1 28. Bd3 Ne4 29. Rc2 Rd1 30. Bxe4 Bxe4 31. Rd2 Ra1 32. f3 Bd5 33. e4 Bc4
34. Rf2 Rxa4 35. Nd2 Ra1+ 36. Nf1 g5 37. h3 Kg6 38. Kh2 Rxf1 39. g3 0-1

[Event "OHS 2017"]
[Site "?"]
[Date "2017.02.06"]
[Round "2.14"]
[White "Ponto, Michael"]
[Black "Neumann, Frank"]
[Result "1-0"]
[WhiteElo "1665"]
[BlackElo "1268"]
[PlyCount "119"]
[EventDate "2017.??.??"]
[WhiteTeam "SV Unser Fritz Wanne-E"]
[BlackTeam "SV Waltrop 1922 e.V."]

1. e4 e5 2. Nf3 Nc6 3. Nc3 Nf6 4. d4 exd4 5. Nxd4 d6 6. Bc4 Ne5 7. Bb3 c5 8.
Nf3 c4 9. Nxe5 cxb3 10. Nd3 bxc2 11. Qxc2 Qc7 12. O-O Be7 13. Qb3 Be6 14. Nd5
Nxd5 15. exd5 Bf5 16. Bf4 Bxd3 17. Qxd3 O-O 18. Rac1 Qd7 19. Qe3 g6 20. Bh6
Rfe8 21. f4 Qf5 22. Qf3 Bf6 23. g4 Qe4 24. Kg2 Qxf3+ 25. Kxf3 Bxb2 26. Rb1 Bg7
27. Bxg7 Kxg7 28. Rxb7 Rac8 29. Rxa7 Rc3+ 30. Kg2 Rd3 31. Ra5 Re4 32. Rf3 Rdd4
33. Kg3 g5 34. fxg5 Rxg4+ 35. Kf2 Rgf4 36. Rxf4 Rxf4+ 37. Kg3 Rf5 38. Kg4 Kg6
39. h4 Re5 40. h5+ Kg7 41. Kf4 Re2 42. Ra6 Rf2+ 43. Kg3 Rf5 44. Rxd6 Rxg5+ 45.
Kh4 Re5 46. h6+ Kf8 47. Rd8+ Ke7 48. Rh8 Rxd5 49. Rxh7 Rd8 50. Rg7 Kf6 51. Rg4
Rd2 52. Kg3 Rd3+ 53. Kh2 Rd5 54. Rh4 Kg5 55. Rh3 Rd2+ 56. Kg1 Rd8 57. h7 Rh8
58. a4 f5 59. Kf2 Kg4 60. Rh1 1-0